000 00516nam a22001697a 4500
999 _c11038
_d11038
003 OSt
005 20190220143216.0
008 181008b ||||| |||| 00| 0 eng d
022 _a2094-8042
082 _aDPer 370.105 M72 Jan-Dec 2011 v59-60
100 _932008
_aDanipog, Feliciano S.
245 _aLaging may aliwalas na bukas/
_cFeliciano S. Danipog.
260 _aPhilippines:
_bIn the Grade School, Inc.,
_cc2011.
300 _av60 n7, pages 300-301;
_c27cm.
650 0 _932009
_aPoetry.
942 _2ddc
_cPER